El teatro en la "La Estafeta literaria" (1944-1957) : (Record no. 190710)

MARC details
000 -LEADER
campo de control de longitud fija 01210nam a2200277 i 4500
001 - NÚMERO DE CONTROL
campo de control 190710
003 - IDENTIFICADOR DE NÚMERO DE CONTROL
campo de control ES-MaACL
005 - FECHA Y HORA DE LA ÚLTIMA TRANSACCIÓN
campo de control 20250829175106.0
008 - DATOS DE LONGITUD FIJA--INFORMACIÓN GENERAL
campo de control de longitud fija 220511s2021 sp a 001 0 spa d
020 ## - NÚMERO INTERNACIONAL ESTÁNDAR DEL LIBRO
Número Internacional Estándar del Libro 978-84-18888-41-0
080 ## - NÚMERO DE LA CLASIFICACIÓN DECIMAL UNIVERSAL
Número de la Clasificación Decimal Universal 821.134.2-2"19":070(460.271)La Estafeta literaria
245 03 - MENCIÓN DEL TÍTULO
Título El teatro en la "La Estafeta literaria" (1944-1957) :
Resto del título los años de Juan Aparicio [
Medio Recurso electrónico] /
Mención de responsabilidad, etc. Ana Isabel Ballesteros Dorado y Milagrosa Romero Samper (coord. y ed.).
250 ## - MENCION DE EDICION
Mención de edición 1ª ed.
260 ## - PUBLICACIÓN, DISTRIBUCIÓN, ETC.
Lugar de publicación, distribución, etc. Madrid :
Nombre del editor, distribuidor, etc. Sial Pigmalión,
Fecha de publicación, distribución, etc. 2021.
300 ## - DESCRIPCIÓN FÍSICA
Extensión [300 p. :
Otras características físicas il. col. y n. ;
Dimensiones 21 cm]
490 1# - MENCIÓN DE SERIE
Mención de serie Trivium: biblioteca de textos y ensayo ;
Designación de volumen o secuencia 54
504 ## - NOTA DE BIBLIOGRAFÍA, ETC.
Nota de bibliografía, etc. Referencias bibliográficas.
630 34 - PUNTO DE ACCESO ADICIONAL DE MATERIA--TÍTULO UNIFORME
Título uniforme La Estafeta literaria (1944)
9 (RLIN) 143513
650 #4 - PUNTO DE ACCESO ADICIONAL DE MATERIA--TÉRMINO DE MATERIA
Término de materia o nombre geográfico como elemento de entrada Teatro (Género literario)-
Subdivisión general Historia y crítica.
9 (RLIN) 17365
700 1# - ENTRADA AGREGADA--NOMBRE PERSONAL
Nombre de persona Ballesteros Dorado, Ana Isabel,
Fechas asociadas al nombre 1967-
9 (RLIN) 174458
700 1# - ENTRADA AGREGADA--NOMBRE PERSONAL
Nombre de persona Romero Samper, Milagrosa.
9 (RLIN) 174459
830 10 - PUNTO DE ACCESO ADICIONAL DE SERIE-TÍTULO UNIFORME
Título uniforme Textos y ensayos (Sial Ediciones)
9 (RLIN) 234386
856 4# - LOCALIZACIÓN Y ACCESO ELECTRÓNICOS
Identificador Uniforme de Recursos <a href="http://hdl.handle.net/10637/13440 ">http://hdl.handle.net/10637/13440 </a>
Nota pública El teatro en la "La Estafeta literaria" (1944-1957)
-- CEU Repositorio Institucional
942 ## - ELEMENTOS DE ENTRADA SECUNDARIOS (KOHA)
Fuente del sistema de clasificación o colocación Clasificación decimal universal
Holdings
Estatus retirado Estado de pérdida Estado de daño No para préstamo Colección Biblioteca de origen Biblioteca actual Ubicación en estantería Fecha de adquisición Fuente de adquisición Total de préstamos Signatura topográfica completa Código de barras Visto por última vez Precio de reemplazo Tipo de ítem Koha
        Colección digital Biblioteca del Ateneo de Madrid Biblioteca del Ateneo de Madrid Depósito 11/05/2022     Recurso electr�nico 1202947 23/02/2023 23/02/2023 Archivo de ordenador en CD-ROM, CD o disquete